000 01150nam a2200349 i 4500
003 EG-GICUC
005 20260408111556.0
008 260408s1996 fr ||||fr|||| 00| 0 fre d
020 _a2275001751
040 _aEG-GiCUC
_bfre
_cEG-GiCUC
_dEG-GiCUC
_eRda
041 _afre
082 0 4 _221
_a343.353
_bMA .E
092 0 4 _221
099 _aLaw1 10 343.353 MA .E 1996
100 1 _aMatsopoulou, Haritini.
_eAuteur
245 1 4 _aLes enquêtes de police /
_cHaritini Matsopoulou ; préface de Bernard Bouloc.
264 1 _aParis :
_bL.G.D.J.,
_c1996.
300 _a920 pages ;
_c24 cm.
336 _2rda contenu
_a texte
337 _2rda medias
_aOrdinateur
338 _2 transporteur rda
_a Ressource en ligne
490 _aBibliothèque des sciences criminelles ;
_vTome 32
504 _aComprend des références bibliographiques et un index.
546 _aTexte en français
650 1 _aDroit pénal
_zFrance
650 1 _aContrôle judiciaire
650 1 _a Police questioning
650 1 _aCriminal investigation
856 4 0 _uhttps://fll.law.cu.edu.eg/fulltext/bks/B10-08916.pdf
905 _a43
942 _2ddc
_n0
_cBK
_e21
999 _c69619
_d69619